[Event "Foz do Iguacu op 2nd"]
[Site "Foz do Iguacu"]
[Date "2014.12.13"]
[Round "3"]
[White "Banach, Fabiano"]
[Black "Caceres, Elton Carlos"]
[Result "1/2-1/2"]
[WhiteElo "1795"]
[BlackElo "1857"]
[PlyCount "77"]
[EventDate "2014.12.12"]
[EventType "swiss"]
[EventRounds "6"]
[EventCountry "BRA"]
[SourceTitle "EXT 2016"]
[Source "ChessBase"]
[SourceDate "2015.10.08"]
[SourceVersion "1"]
[SourceVersionDate "2015.10.08"]
[SourceQuality "1"]

1. c4 c5 2. Nc3 Nc6 3. Nf3 b6 4. g3 Bb7 5. Bg2 Nd4 6. e4 Nf6 7. d3 Nxf3+ 8. Bxf3 d6 9. Be3 g6 10. d4 Bg7 11. d5 0-0 12. 0-0 Nd7 13. Be2 a6 14. Qd2 Re8 15. f4 f6 16. Bg4 Nf8 17. h4 Bc8 18. Qe2 h5 19. Bxc8 Qxc8 20. f5 Kf7 21. fxg6+ Nxg6 22. Qxh5 Rh8 23. Qf5 Ne5 24. b3 Ng4 25. Bd2 Nh6 26. Qxc8 Raxc8 27. Rae1 Ng4 28. Ne2 Rcg8 29. Kh1 Ne5 30. Kh2 b5 31. cxb5 axb5 32. Nc3 b4 33. Na4 Bh6 34. Bxh6 Rxh6 35. Kh3 Rhg6 36. Re3 Ng4 37. Rd3 Ne5 38. Re3 Ng4 39. Rd3 1/2-1/2